000 00483nam a2200181Ia 4500
001 3948
005 20260306145720.0
008 260306t2016||||xx |||||||||||||| ||spa||
041 _aESP
082 _a305.800985
_bS735
100 _aSendón, Pablo F.
_eAUT
245 0 _aAyllus del Ausangate:
_bparentesco y organización social en los Andes del sur peruano
260 _c2016
300 _a367 páginas :
_c24 cm.
650 _aGEN
654 _aCHU
942 _cLIB
_dJUS
_fJUS
_2ddc
_n
999 _c3948
_d3948